| 000 | 00549nam a22001817a 4500 | ||
|---|---|---|---|
| 003 | OSt | ||
| 005 | 20260204091551.0 | ||
| 008 | 260204b |||||||| |||| 00| 0 eng d | ||
| 010 | _a2002156484 | ||
| 020 | _a0778712052 | ||
| 040 | _cCrabtree Publishing Company | ||
| 050 |
_aHE 9774 .H36 2003 _b .H36 2003 |
||
| 245 |
_aTHE STORY OF FLIGHT: _bCOMMERCIAL AVIATION _cHansen, Ole Steen |
||
| 250 | _a1st edition | ||
| 260 |
_aDubai: _bCrabtree Publishing Company, _c2003 |
||
| 300 |
_a32 pages,includes index, _bhardcover, _c28.6 cm. |
||
| 942 |
_2lcc _cBK _n0 |
||
| 999 |
_c9931 _d9931 |
||